Memoria de los servicios de telecomunicación de España / (Record no. 189762)

MARC details
000 -LEADER
campo de control de longitud fija 01050nas a2200277 i 4500
001 - NÚMERO DE CONTROL
campo de control 189762
003 - IDENTIFICADOR DE NÚMERO DE CONTROL
campo de control ES-MaACL
005 - FECHA Y HORA DE LA ÚLTIMA TRANSACCIÓN
campo de control 20250217134931.0
008 - DATOS DE LONGITUD FIJA--INFORMACIÓN GENERAL
campo de control de longitud fija 191015d19511961sp a| | ||pa d
022 ## - NÚMERO INTERNACIONAL NORMALIZADO PARA PUBLICACIONES SERIADAS
Número Internacional Normalizado para Publicaciones Seriadas 2254-9781
080 ## - NÚMERO DE LA CLASIFICACIÓN DECIMAL UNIVERSAL
Número de la Clasificación Decimal Universal 656.8(460)(060.55)
110 1# - ENTRADA PRINCIPAL--NOMBRE DE ENTIDAD CORPORATIVA
Nombre de entidad corporativa o nombre de jurisdicción como elemento de entrada España.
Unidad subordinada Dirección General de Correos y Telecomunicación.
9 (RLIN) 3725
245 10 - MENCIÓN DEL TÍTULO
Título Memoria de los servicios de telecomunicación de España /
Mención de responsabilidad, etc. Ministerio de la Gobernación, Direccón General de Correos y Telecomunicación.
260 ## - PUBLICACIÓN, DISTRIBUCIÓN, ETC.
Lugar de publicación, distribución, etc. Madrid :
Nombre del editor, distribuidor, etc. Servicio de Estudio y Organización,
Fecha de publicación, distribución, etc. 1951-1961.
300 ## - DESCRIPCIÓN FÍSICA
Extensión 8 v. ;
Dimensiones 24 cm.
310 ## - PERIODICIDAD ACTUAL
Periodicidad actual Anual
362 0# - FECHAS DE PUBLICACIÓN Y/O DESIGNACIÓN SECUENCIAL
Fecha de publicación y/o designación secuencial 1950-1960.
610 24 - PUNTO DE ACCESO ADICIONAL DE MATERIA--NOMBRE DE ENTIDAD CORPORATIVA
Nombre de entidad corporativa o nombre de jurisdicción como elemento de entrada España.
Unidad subordinada Dirección General de Correos y Telecomunicación-
Subdivisión de forma Memorias.
9 (RLIN) 170425
650 #4 - PUNTO DE ACCESO ADICIONAL DE MATERIA--TÉRMINO DE MATERIA
Término de materia o nombre geográfico como elemento de entrada Telecomunicaciones-
Subdivisión geográfica España.
9 (RLIN) 168520
852 ## - LOCALIZACIÓN
Ubicación ES-MaACL
Número de control de estantería P-994
852 ## - LOCALIZACIÓN
Ubicación ES-MaACL
Número de control de estantería C-21019
Nota libre .- Año 1959
852 ## - LOCALIZACIÓN
Ubicación ES-MaACL
Número de control de estantería C-20745
Nota libre .- Año 1960
852 ## - LOCALIZACIÓN
Ubicación ES-MaACL
Número de control de estantería C-21253
Nota libre .- Año 1959
866 #0 - MENCIÓN TEXTUAL DE FONDOS--UNIDAD BIBLIOGRÁFICA BÁSICA
Fondos 1950-1953, 1955-1956, 1959, 1960
Holdings
Estatus retirado Estado de pérdida Estado de daño No para préstamo Colección Biblioteca de origen Biblioteca actual Ubicación en estantería Fecha de adquisición Fuente de adquisición Total de préstamos Signatura topográfica completa Código de barras Visto por última vez Precio de reemplazo Tipo de ítem Koha
        Periódicos y Revistas Biblioteca del Ateneo de Madrid Biblioteca del Ateneo de Madrid Depósito 2 15/10/2019     P-994 1201199 23/02/2023 23/02/2023 Revista